[Event "CP-2008-Q-00006"]
[Site "LSS email"]
[Date "2010.01.10"]
[Round "?"]
[White "Bogustov, Andrey Alexeevich"]
[Black "Perez, Giorgio"]
[Result "0-1"]
[WhiteElo "1813"]
[BlackElo "1901"]
[PlyCount "30"]
[EventDate "2010.01.15"]
[EventType "tourn (corr)"]
[EventRounds "6"]
[EventCountry "GER"]
[SourceTitle "Corr 2013"]
[Source "ChessBase"]
[SourceDate "2012.11.12"]
[SourceVersion "1"]
[SourceVersionDate "2012.11.12"]
[SourceQuality "1"]

1. e4 c5 2. Nf3 e6 3. d4 cxd4 4. Nxd4 a6 5. Nc3 Qc7 6. Bd3 Nf6 7. 0-0 Bc5 8. Nb3 Be7 9. f4 d6 10. Qf3 b5 11. e5 Bb7 12. Qg3 Nh5 13. Qf2 Nd7 14. g4 f5 15. Nd4 dxe5 0-1

[Event "CP-2008-Q-00006"]
[Site "LSS email"]
[Date "2010.01.10"]
[Round "?"]
[White "Bogustov, Andrey Alexeevich"]
[Black "Vertongen, Willy"]
[Result "0-1"]
[WhiteElo "1804"]
[BlackElo "2245"]
[PlyCount "28"]
[EventDate "2010.01.15"]
[EventType "tourn (corr)"]
[EventRounds "6"]
[EventCountry "GER"]
[SourceTitle "Corr 2013"]
[Source "ChessBase"]
[SourceDate "2012.11.12"]
[SourceVersion "1"]
[SourceVersionDate "2012.11.12"]
[SourceQuality "1"]

1. e4 e5 2. Nf3 Nc6 3. Bb5 a6 4. Ba4 Nf6 5. 0-0 Be7 6. Re1 b5 7. Bb3 d6 8. c3 0-0 9. h3 Na5 10. Bc2 c5 11. d4 Qc7 12. Nbd2 cxd4 13. cxd4 Bd7 14. Nf1 Rac8 0-1

[Event "CP-2008-Q-00006"]
[Site "LSS email"]
[Date "2010.01.10"]
[Round "?"]
[White "Istomin, Sergei"]
[Black "Bogustov, Andrey Alexeevich"]
[Result "1-0"]
[WhiteElo "1960"]
[BlackElo "1804"]
[PlyCount "27"]
[EventDate "2010.01.15"]
[EventType "tourn (corr)"]
[EventRounds "6"]
[EventCountry "GER"]
[SourceTitle "Corr 2013"]
[Source "ChessBase"]
[SourceDate "2012.11.12"]
[SourceVersion "1"]
[SourceVersionDate "2012.11.12"]
[SourceQuality "1"]

1. e4 d6 2. f4 e5 3. Nf3 exf4 4. d4 g5 5. h4 g4 6. Ng1 Bh6 7. Nc3 c6 8. Nge2 Qf6 9. g3 f3 10. Nf4 Qe7 11. Kf2 Nf6 12. Bd3 Bg7 13. e5 dxe5 14. dxe5 1-0

[Event "LSS WC-2009-F-00008"]
[Site "LSS email"]
[Date "2009.11.03"]
[Round "?"]
[White "Bogustov, Andrey Alexeevich"]
[Black "Gretencord, Ulrich"]
[Result "0-1"]
[WhiteElo "1881"]
[BlackElo "2055"]
[PlyCount "50"]
[EventDate "2009.11.08"]
[EventType "tourn (corr)"]
[EventRounds "10"]
[EventCountry "GER"]
[SourceTitle "Corr 2013"]
[Source "ChessBase"]
[SourceDate "2012.11.12"]
[SourceVersion "1"]
[SourceVersionDate "2012.11.12"]
[SourceQuality "1"]
[WhiteTeam "US of America"]
[BlackTeam "US of America"]
[WhiteTeamCountry "USA"]
[BlackTeamCountry "USA"]

1. e4 e6 2. d4 d5 3. Nc3 Bb4 4. e5 c5 5. a3 Bxc3+ 6. bxc3 Qc7 7. Qg4 f5 8. Qg3 cxd4 9. cxd4 Ne7 10. Bd2 0-0 11. Rc1 Nbc6 12. Nf3 Qb6 13. c3 Na5 14. Be2 Nc4 15. 0-0 Nxa3 16. Ra1 Qb2 17. Rfd1 Nc4 18. Qg5 Nxd2 19. Nxd2 Nc6 20. Qe3 Qb6 21. Qf4 Rd8 22. Rdc1 Qc7 23. Nb3 Qe7 24. Bb5 Bd7 25. Bd3 b6 0-1

[Event "IECG CA.2007.0.00182 email"]
[Site "IECG email"]
[Date "2007.01.18"]
[Round "?"]
[White "Bogustov, Andrey Alexeevich"]
[Black "Gusakov, Viktor Vladimirovic"]
[Result "1/2-1/2"]
[WhiteElo "2085"]
[BlackElo "2188"]
[PlyCount "75"]
[EventDate "2007.01.18"]
[EventType "tourn (corr)"]
[EventRounds "6"]
[SourceTitle "Corr 2011"]
[Source "ChessBase"]
[SourceDate "2010.08.31"]
[SourceVersion "1"]
[SourceVersionDate "2010.08.31"]
[SourceQuality "1"]

1. e4 e5 2. Nf3 Nc6 3. Bb5 a6 4. Ba4 Nf6 5. 0-0 Be7 6. Re1 b5 7. Bb3 0-0 8. a4 b4 9. d4 d6 10. dxe5 dxe5 11. Qxd8 Rxd8 12. Bg5 Rb8 13. Nbd2 h6 14. Bxf6 Bxf6 15. h3 Na5 16. Bd5 Rb6 17. Re3 Rbd6 18. Nb3 Nxb3 19. Rxb3 a5 20. Re3 c6 21. Bb3 Rd1+ 22. Rxd1 Rxd1+ 23. Re1 Rxe1+ 24. Nxe1 Bd8 25. Nd3 Bc7 26. c3 bxc3 27. bxc3 Kf8 28. g4 h5 29. f3 h4 30. Bc4 Ke7 31. Kf1 Bd7 32. Ke2 Kf6 33. Bb3 Bd6 34. Bc4 Be8 35. Ba6 g6 36. c4 Kg5 37. c5 Bb8 38. Bc8 1/2-1/2

[Event "IECG CP.2006.P.00020 email"]
[Site "IECG email"]
[Date "2006.10.01"]
[Round "?"]
[White "Bogustov, Andrey Alexeevich"]
[Black "Phillips, David A"]
[Result "1/2-1/2"]
[WhiteElo "2176"]
[BlackElo "1107"]
[PlyCount "53"]
[EventDate "2006.10.01"]
[EventType "tourn (corr)"]
[EventRounds "6"]
[SourceTitle "Corr 2011"]
[Source "ChessBase"]
[SourceDate "2010.08.31"]
[SourceVersion "1"]
[SourceVersionDate "2010.08.31"]
[SourceQuality "1"]

1. e4 d5 2. exd5 Qxd5 3. Nc3 Qd8 4. d4 e6 5. Nf3 Nf6 6. Bc4 Be7 7. 0-0 0-0 8. Bg5 h6 9. Bxf6 Bxf6 10. Ne4 Nc6 11. c3 a6 12. Nxf6+ Qxf6 13. Qc2 b5 14. Qe4 Bb7 15. Bd3 g6 16. Rad1 Nd8 17. Qe5 Qxe5 18. Nxe5 Nc6 19. Be4 Nxe5 20. Bxb7 Rab8 21. dxe5 Rxb7 22. Rd7 Rfb8 23. Rfd1 c5 24. f3 c4 25. R7d4 Kg7 26. Kf2 g5 27. a3 1/2-1/2

[Event "IECG CA.2006.0.00177 email"]
[Site "IECG email"]
[Date "2006.09.20"]
[Round "?"]
[White "Bogustov, Andrey Alexeevich"]
[Black "Gal, Peter"]
[Result "1/2-1/2"]
[WhiteElo "2176"]
[BlackElo "2049"]
[PlyCount "65"]
[EventDate "2006.09.20"]
[EventType "tourn (corr)"]
[EventRounds "6"]
[SourceTitle "Corr 2011"]
[Source "ChessBase"]
[SourceDate "2010.08.31"]
[SourceVersion "1"]
[SourceVersionDate "2010.08.31"]
[SourceQuality "1"]

1. e4 c5 2. Nf3 d6 3. d4 cxd4 4. Nxd4 Nf6 5. Nc3 g6 6. Be3 Bg7 7. f3 0-0 8. Qd2 Nc6 9. g4 Nd7 10. 0-0-0 Qa5 11. h4 Nc5 12. h5 g5 13. h6 Bxd4 14. Bxd4 f6 15. Be3 Be6 16. a3 Ne5 17. Qg2 Rac8 18. Nd5 Ng6 19. Bc4 Bf7 20. Qf1 Nd7 21. Kb1 a6 22. Bb3 Nc5 23. Ba2 Qd8 24. Qf2 b5 25. Bd4 a5 26. Bc3 b4 27. axb4 axb4 28. Bxb4 Qe8 29. Qd4 Qb5 30. Ba3 Qb7 31. Qb4 Qd7 32. Qd4 Qb7 33. Qb4 1/2-1/2

[Event "IECG CA.2005.0.00162"]
[Site "IECG email"]
[Date "2005.12.18"]
[Round "1"]
[White "Bogustov, Andrey Alexeevich"]
[Black "Bernal Varela, Nelson"]
[Result "0-1"]
[WhiteElo "2176"]
[BlackElo "2172"]
[PlyCount "82"]
[EventDate "2005.12.18"]
[EventType "tourn (corr)"]
[EventRounds "6"]
[SourceTitle "Corr 2008"]
[Source "ChessBase"]
[SourceDate "2008.06.24"]
[SourceVersion "1"]
[SourceVersionDate "2008.06.24"]
[SourceQuality "1"]

1. e4 c5 2. Nf3 d6 3. d4 cxd4 4. Nxd4 Nf6 5. Nc3 a6 6. Bg5 e6 7. f4 Qb6 8. Qd2 Qxb2 9. Rb1 Qa3 10. f5 Nc6 11. fxe6 fxe6 12. Nxc6 bxc6 13. e5 dxe5 14. Bxf6 gxf6 15. Ne4 Be7 16. Be2 h5 17. Rb3 Qa4 18. Nxf6+ Bxf6 19. c4 Bh4+ 20. g3 Be7 21. 0-0 h4 22. Qd3 Qa5 23. Bh5+ Rxh5 24. Qg6+ Kd7 25. Qxh5 Qc5+ 26. Kg2 e4 27. Qf7 a5 28. gxh4 Kc7 29. Rg3 Bd7 30. Rg7 Re8 31. Qf4+ e5 32. Qxe4 Qa3 33. Kh1 Qd6 34. Re1 Bf6 35. Rh7 Re7 36. Rxe7 Qxe7 37. h5 c5 38. Kg1 Bc6 39. Qg4 e4 40. Kf1 Bd4 41. Qf4+ Kb7 0-1

[Event "IECG CA.2005.0.00162"]
[Site "IECG email"]
[Date "2005.12.18"]
[Round "1"]
[White "Pecotic, Kuzma"]
[Black "Bogustov, Andrey Alexeevich"]
[Result "0-1"]
[WhiteElo "2034"]
[BlackElo "2176"]
[PlyCount "38"]
[EventDate "2005.12.18"]
[EventType "tourn (corr)"]
[EventRounds "6"]
[SourceTitle "Corr 2008"]
[Source "ChessBase"]
[SourceDate "2008.06.24"]
[SourceVersion "1"]
[SourceVersionDate "2008.06.24"]
[SourceQuality "1"]

1. d4 d5 2. c4 e6 3. Nc3 Nf6 4. cxd5 exd5 5. Bg5 Be7 6. e3 c6 7. Bd3 Bg4 8. Qc2 Bh5 9. Nge2 Bg6 10. Nf4 Bxd3 11. Nxd3 Nbd7 12. 0-0 0-0 13. b4 Qc8 14. Rac1 a6 15. a4 Re8 16. b5 axb5 17. axb5 Ba3 18. Rb1 Ne4 19. Nb2 Nxg5 0-1